[Event "Kandidatklassen"]
[Site "Hillerod"]
[Date "2010.04.01"]
[Round "3"]
[White "Akdag, Dara Sevkan"]
[Black "Petersen, Steen"]
[Result "1-0"]
[WhiteElo "2149"]
[BlackElo "2154"]
[PlyCount "71"]
[EventDate "2010.03.30"]
[EventType "swiss"]
[EventRounds "7"]
[EventCountry "DEN"]
[Source "ChessBase"]
[SourceDate "2010.05.04"]

1. d4 Nf6 2. c4 g6 3. Nc3 Bg7 4. e4 d6 5. Nf3 O-O 6. Be2 e5 7. O-O Nc6 8. d5
Ne7 9. b4 a5 10. Ba3 axb4 11. Bxb4 b6 12. a4 Ne8 13. Qb3 h6 14. Rfd1 Rb8 15.
Nb5 f5 16. Nd2 Kh8 17. a5 c6 18. dxc6 Nxc6 19. a6 Ra8 20. a7 Bb7 21. Bc3 fxe4
22. Nxe4 Nd4 23. Bxd4 exd4 24. Bd3 Qh4 25. Ng3 Be5 26. Ra2 Nf6 27. f3 Nh5 28.
Nf1 Nf4 29. Rdd2 d5 30. Qa3 Qg5 31. Nd6 dxc4 32. Bxc4 Nh3+ 33. Kh1 Rxf3 34.
Qxf3 Qxd2 35. Nf7+ Kh7 36. Rxd2 1-0

[Event "Kandidatklassen"]
[Site "Hillerod"]
[Date "2010.04.05"]
[Round "7"]
[White "Akdag, Dara Sevkan"]
[Black "Hagen, Andreas Skytte"]
[Result "1/2-1/2"]
[WhiteElo "2149"]
[BlackElo "2342"]
[PlyCount "125"]
[EventDate "2010.03.30"]
[EventType "swiss"]
[EventRounds "7"]
[EventCountry "DEN"]
[Source "ChessBase"]
[SourceDate "2010.05.04"]

1. d4 Nf6 2. c4 e6 3. Nf3 b6 4. g3 Ba6 5. Qc2 Bb7 6. Bg2 c5 7. d5 exd5 8. cxd5
Nxd5 9. O-O Be7 10. Ne5 Qc7 11. Qe4 Nc6 12. Qxd5 Nd8 13. Qxd7+ Qxd7 14. Nxd7
Bxg2 15. Kxg2 Kxd7 16. Rd1+ Kc6 17. Nc3 Ne6 18. Nd5 Bd6 19. e4 Rad8 20. b3 Be5
21. Rb1 Nc7 22. Ne7+ Kb7 23. Bf4 Bxf4 24. gxf4 Nb5 25. f3 Nc3 26. Rxd8 Rxd8 27.
Rb2 b5 28. Nf5 g6 29. Nh6 Rd7 30. Kg3 Kb6 31. Kh4 Ka5 32. Rc2 Kb4 33. Kg5 Nxa2
34. Rxa2 Kxb3 35. Ra5 Rb7 36. Kf6 c4 37. Nxf7 c3 38. Ne5 c2 39. Ra1 Kc3 40.
Ra3+ Kb2 41. Re3 Rb6+ 42. Ke7 c1=Q 43. Nd3+ Kc2 44. Nxc1 Kxc1 45. Rc3+ Kd2 46.
Rc7 b4 47. Rxa7 b3 48. Ra1 b2 49. Rb1 Kc2 50. Rxb2+ Rxb2 51. f5 gxf5 52. exf5
Kd3 53. f6 Ke3 54. f7 Rb8 55. f8=Q Rxf8 56. Kxf8 Kxf3 57. Kg7 h5 58. Kf6 h4 59.
Ke5 Kg2 60. Kf4 Kxh2 61. Kf3 Kg1 62. Kg4 h3 63. Kxh3 1/2-1/2

[Event "Kandidatklassen"]
[Site "Hillerod"]
[Date "2010.04.03"]
[Round "5"]
[White "Akdag, Dara Sevkan"]
[Black "Ostergaard, Jens"]
[Result "0-1"]
[WhiteElo "2149"]
[BlackElo "2257"]
[PlyCount "80"]
[EventDate "2010.03.30"]
[EventType "swiss"]
[EventRounds "7"]
[EventCountry "DEN"]
[Source "ChessBase"]
[SourceDate "2010.05.04"]

1. d4 Nf6 2. c4 e6 3. Nc3 d5 4. cxd5 exd5 5. Bg5 Be7 6. e3 c6 7. Qc2 O-O 8. Bd3
Nbd7 9. Nf3 Re8 10. h3 Nf8 11. Bf4 Bd6 12. Bxd6 Qxd6 13. O-O-O Qe7 14. g4 Ng6
15. Kb1 b5 16. Nd2 a5 17. g5 Nd7 18. h4 Nb6 19. h5 Nf8 20. g6 fxg6 21. h6 Qf6
22. hxg7 Kxg7 23. Rdg1 Nc4 24. Nf1 Ra7 25. Ka1 Rf7 26. Ng3 Kh8 27. Nce2 Bg4 28.
Nf4 Kg8 29. Ngh5 Bxh5 30. Rxh5 Rg7 31. Rh6 Ree7 32. b3 Nxe3 33. fxe3 Rxe3 34.
Rf1 Qxd4+ 35. Kb1 Rf7 36. Rfh1 Qxf4 37. Bxg6 Nxg6 38. Rxh7 Rxh7 39. Qxg6+ Rg7
40. Qxc6 Qe4+ 0-1

[Event "Kandidatklassen"]
[Site "Hillerod"]
[Date "2010.03.30"]
[Round "1"]
[White "Akdag, Dara Sevkan"]
[Black "Boje, Tobias Rosholm"]
[Result "1-0"]
[WhiteElo "2149"]
[BlackElo "2015"]
[PlyCount "89"]
[EventDate "2010.03.30"]
[EventType "swiss"]
[EventRounds "7"]
[EventCountry "DEN"]
[Source "ChessBase"]
[SourceDate "2010.05.04"]

1. Nf3 Nf6 2. c4 e6 3. d4 b6 4. g3 Bb7 5. Bg2 d5 6. O-O Be7 7. Nc3 O-O 8. cxd5
Nxd5 9. Nxd5 Bxd5 10. Qc2 Nd7 11. e4 Bb7 12. Rd1 Rc8 13. Bf4 Bd6 14. e5 Be7 15.
Ng5 Bxg5 16. Bxb7 Rb8 17. Bxg5 Qxg5 18. Qxc7 Qd8 19. Qc6 Qe7 20. Ba6 Rbd8 21.
Qe4 Qb4 22. Bd3 g6 23. h4 Qxb2 24. h5 Qb4 25. hxg6 hxg6 26. Rac1 Qa4 27. Kg2
Rc8 28. Rxc8 Rxc8 29. Qe2 Qb4 30. Qe3 Kg7 31. Rb1 Qa5 32. Rh1 Rh8 33. Rxh8 Kxh8
34. Bxg6 fxg6 35. Qh6+ Kg8 36. Qxg6+ Kf8 37. Qxe6 Qb5 38. d5 Nc5 39. Qf6+ Kg8
40. Qg6+ Kh8 41. e6 Qe2 42. Qf6+ Kh7 43. Qf7+ Kh6 44. e7 Nd3 45. Qe6+ 1-0

[Event "Kandidatklassen"]
[Site "Hillerod"]
[Date "2010.04.02"]
[Round "4"]
[White "Andersen, Ib Hother"]
[Black "Schultz Pedersen, Jesper"]
[Result "1/2-1/2"]
[WhiteElo "2157"]
[BlackElo "2230"]
[PlyCount "31"]
[EventDate "2010.03.30"]
[EventType "swiss"]
[EventRounds "7"]
[EventCountry "DEN"]
[Source "ChessBase"]
[SourceDate "2010.05.04"]

1. d4 e6 2. e4 d5 3. Nc3 Nc6 4. Nf3 Nf6 5. exd5 exd5 6. a3 Bg4 7. Be2 Be7 8.
O-O O-O 9. Bg5 Re8 10. Re1 Ne4 11. Bxe7 Rxe7 12. Qd3 Nxc3 13. bxc3 g6 14. Qd2
Kg7 15. h3 Bxf3 16. Bxf3 1/2-1/2

[Event "Kandidatklassen"]
[Site "Hillerod"]
[Date "2010.04.05"]
[Round "7"]
[White "Andersen, Ib Hother"]
[Black "Andersen, Morten"]
[Result "1-0"]
[WhiteElo "2157"]
[BlackElo "2200"]
[PlyCount "141"]
[EventDate "2010.03.30"]
[EventType "swiss"]
[EventRounds "7"]
[EventCountry "DEN"]
[Source "ChessBase"]
[SourceDate "2010.05.04"]

1. e4 c5 2. Nf3 d6 3. d4 cxd4 4. Nxd4 Nf6 5. Nc3 a6 6. Be3 e6 7. f3 Be7 8. Qd2
b5 9. g4 Qc7 10. O-O-O Nbd7 11. g5 Nh5 12. Nce2 Nb6 13. Ng3 Nxg3 14. hxg3 Nc4
15. Bxc4 Qxc4 16. Kb1 g6 17. Rh2 e5 18. Ne2 Be6 19. Nc3 b4 20. Nd5 Bxd5 21.
Qxd5 Qxd5 22. Rxd5 O-O 23. f4 f6 24. gxf6 Rxf6 25. f5 Rf7 26. g4 h5 27. Rd1
hxg4 28. Rdh1 Bf6 29. fxg6 Rd7 30. Rg2 d5 31. exd5 Rxd5 32. Rxg4 a5 33. g7 Bxg7
34. Rhg1 Rd7 35. Bh6 Raa7 36. c4 bxc3 37. bxc3 Kf8 38. Rxg7 Rxg7 39. Kc2 Kg8
40. Bxg7 Rxg7 41. Re1 Rg5 42. Re4 Kf7 43. Ra4 Ke6 44. Rxa5 Kf5 45. Ra8 Ke4 46.
a4 Ke3 47. Kb3 Rg1 48. a5 Ra1 49. a6 e4 50. a7 Ke2 51. Re8 Rxa7 52. Rxe4+ Kd3
53. Rd4+ Ke3 54. Rd8 Rb7+ 55. Kc2 Ke4 56. c4 Ke5 57. Kc3 Ke6 58. Kd4 Rc7 59.
Rd5 Ra7 60. Kc5 Ra4 61. Kb5 Ra1 62. Rd2 Rc1 63. c5 Ke7 64. Kb6 Rc3 65. c6 Rc1
66. Kb7 Ke8 67. c7 Rb1+ 68. Kc6 Rc1+ 69. Kd6 Rc3 70. Rd5 Rc1 71. Re5+ 1-0

[Event "Kandidatklassen"]
[Site "Hillerod"]
[Date "2010.03.31"]
[Round "2"]
[White "Andersen, Ib Hother"]
[Black "Schmidt, Tom"]
[Result "1-0"]
[WhiteElo "2157"]
[BlackElo "2086"]
[PlyCount "67"]
[EventDate "2010.03.30"]
[EventType "swiss"]
[EventRounds "7"]
[EventCountry "DEN"]
[Source "ChessBase"]
[SourceDate "2010.05.04"]

1. e4 c5 2. Nf3 d6 3. d4 cxd4 4. Nxd4 Nf6 5. Nc3 Nc6 6. Bg5 e6 7. Qd2 a6 8.
O-O-O Bd7 9. Kb1 Qc7 10. f4 h6 11. Bh4 Be7 12. Nf3 O-O-O 13. Bd3 Be8 14. Rhe1
Nd7 15. Bxe7 Nxe7 16. Bf1 Nc5 17. Qe3 Kb8 18. Nd4 Na4 19. Nxa4 Bxa4 20. Qa3 Bd7
21. Nb3 Bc8 22. g3 g5 23. Re3 Ng6 24. Rc3 Qe7 25. f5 exf5 26. exf5 Bxf5 27. Nd4
Bc8 28. Bxa6 Ne5 29. Bf1 Bd7 30. Bg2 Rc8 31. Qb4 Bg4 32. Re1 Rxc3 33. Rxe5 Qc7
34. Rb5 1-0

[Event "Kandidatklassen"]
[Site "Hillerod"]
[Date "2010.03.30"]
[Round "1"]
[White "Andersen, Ib Hother"]
[Black "Jorgensen, Dennis"]
[Result "1-0"]
[WhiteElo "2157"]
[BlackElo "2197"]
[PlyCount "85"]
[EventDate "2010.03.30"]
[EventType "swiss"]
[EventRounds "7"]
[EventCountry "DEN"]
[Source "ChessBase"]
[SourceDate "2010.05.04"]

1. e4 c6 2. d4 d5 3. Nc3 dxe4 4. Nxe4 Bf5 5. Nc5 b6 6. Nb3 e6 7. Nf3 Bd6 8. g3
h6 9. Bg2 Ne7 10. O-O Nd7 11. Re1 Rc8 12. Nbd2 O-O 13. Nc4 Bb8 14. b3 c5 15.
Bb2 Nc6 16. Nfe5 Ndxe5 17. dxe5 Qxd1 18. Raxd1 Bxc2 19. Rd2 Nb4 20. Bc3 Bg6 21.
g4 Rcd8 22. Red1 Bc7 23. Nd6 a6 24. f4 Bc2 25. Rc1 Bxd6 26. exd6 Bg6 27. Bxb4
cxb4 28. d7 f6 29. Bb7 a5 30. Rd6 Kf7 31. Bc8 Be4 32. Rxb6 Ke7 33. Rc5 g5 34.
f5 exf5 35. gxf5 Bb1 36. Rxa5 g4 37. Rxb4 Rg8 38. Rb6 g3 39. Re6+ Kf7 40. Raa6
gxh2+ 41. Kxh2 Rg7 42. Rxf6+ Kg8 43. Rae6 1-0

[Event "Kandidatklassen"]
[Site "Hillerod"]
[Date "2010.04.02"]
[Round "4"]
[White "Andersen, Lars"]
[Black "Akdag, Dara Sevkan"]
[Result "1-0"]
[WhiteElo "2088"]
[BlackElo "2149"]
[PlyCount "65"]
[EventDate "2010.03.30"]
[EventType "swiss"]
[EventRounds "7"]
[EventCountry "DEN"]
[Source "ChessBase"]
[SourceDate "2010.05.04"]

1. Nf3 Nf6 2. c4 g6 3. d4 c5 4. Nc3 Bg7 5. e4 cxd4 6. Nxd4 d6 7. Be2 O-O 8. Be3
Nc6 9. O-O Bd7 10. f3 Re8 11. Qd2 a6 12. Rab1 e6 13. Rfd1 d5 14. Nxc6 Bxc6 15.
e5 Nd7 16. f4 f6 17. cxd5 exd5 18. Bf3 d4 19. Qxd4 fxe5 20. Qc4+ Kh8 21. Bxc6
bxc6 22. Qxc6 Re7 23. Nd5 Rf7 24. Qe6 Qf8 25. Nc7 Nc5 26. Qc6 Rxc7 27. Qxc7 Ne6
28. Qd6 Qf5 29. fxe5 Bxe5 30. Qd5 Rf8 31. Kh1 Qh5 32. Bg1 Nf4 33. Qxe5+ 1-0

[Event "Kandidatklassen"]
[Site "Hillerod"]
[Date "2010.03.31"]
[Round "2"]
[White "Andersen, Lars"]
[Black "Andersen, Morten"]
[Result "1-0"]
[WhiteElo "2088"]
[BlackElo "2200"]
[PlyCount "95"]
[EventDate "2010.03.30"]
[EventType "swiss"]
[EventRounds "7"]
[EventCountry "DEN"]
[Source "ChessBase"]
[SourceDate "2010.05.04"]

1. d4 Nf6 2. c4 g6 3. Nc3 d5 4. Nf3 Bg7 5. g3 Nc6 6. Bg2 dxc4 7. d5 Nb8 8. Nd2
c6 9. Nxc4 cxd5 10. Nxd5 Nxd5 11. Qxd5 Qxd5 12. Bxd5 Nc6 13. Bd2 O-O 14. O-O
Rd8 15. Bxc6 bxc6 16. Rac1 Bxb2 17. Rc2 Bf6 18. Be3 Bf5 19. Rcc1 Rd5 20. f3 Be6
21. h4 Rb5 22. Kf2 Bd5 23. Rfd1 e6 24. Rd2 h5 25. Kf1 Rb4 26. Na5 Ra4 27. Nxc6
Bxa2 28. Rd7 a6 29. Bg5 Bxg5 30. hxg5 e5 31. Nxe5 Be6 32. Re7 Ra5 33. f4 Ra2
34. Rcc7 Rd8 35. Nxf7 Bxf7 36. Rxf7 Re8 37. Rg7+ Kh8 38. Rge7 Rxe7 39. Rxe7 a5
40. Ra7 a4 41. Kf2 a3 42. Kf3 Ra1 43. Ke4 a2 44. Ke5 Rg1 45. Rxa2 Rxg3 46. Kf6
Re3 47. Kxg6 Re6+ 48. Kxh5 1-0

[Event "Kandidatklassen"]
[Site "Hillerod"]
[Date "2010.04.04"]
[Round "6"]
[White "Andersen, Lars"]
[Black "Carstensen, Jacob"]
[Result "0-1"]
[WhiteElo "2088"]
[BlackElo "2317"]
[PlyCount "102"]
[EventDate "2010.03.30"]
[EventType "swiss"]
[EventRounds "7"]
[EventCountry "DEN"]
[Source "ChessBase"]
[SourceDate "2010.05.04"]

1. c4 e5 2. Nc3 Nf6 3. Nf3 Nc6 4. g3 Bc5 5. Bg2 O-O 6. O-O d6 7. d3 h6 8. Na4
Re8 9. b3 Bg4 10. Nxc5 dxc5 11. Bb2 Qd7 12. a3 a5 13. Re1 Rad8 14. Bc3 b6 15.
Qc1 Re7 16. Qb2 Rde8 17. Rad1 Nd4 18. b4 axb4 19. axb4 Bxf3 20. exf3 cxb4 21.
Bxb4 Re6 22. Bc3 Rd6 23. Bb4 c5 24. Bc3 Qc7 25. Rb1 Ree6 26. Re3 Rd8 27. Rbe1
Ree8 28. Rb1 Rb8 29. Bxd4 cxd4 30. Re2 Nd7 31. f4 Nc5 32. Rxe5 Rxe5 33. fxe5
Qxe5 34. Qd2 Qf5 35. Re1 Rd8 36. Be4 Qf6 37. Bd5 Kf8 38. h4 Re8 39. Rxe8+ Kxe8
40. Kf1 Kf8 41. Qa2 g6 42. Ke2 Qe7+ 43. Kd2 Kg7 44. Bg2 Qf6 45. Ke2 Qe5+ 46.
Be4 Nxe4 47. dxe4 Qxe4+ 48. Kd2 Qf3 49. Kc1 Qh1+ 50. Kd2 Qf1 51. Qa6 Qxf2+ 0-1

[Event "Kandidatklassen"]
[Site "Hillerod"]
[Date "2010.03.30"]
[Round "1"]
[White "Andersen, Lars"]
[Black "Molvig, Henrik"]
[Result "1-0"]
[WhiteElo "2088"]
[BlackElo "2195"]
[PlyCount "73"]
[EventDate "2010.03.30"]
[EventType "swiss"]
[EventRounds "7"]
[EventCountry "DEN"]
[Source "ChessBase"]
[SourceDate "2010.05.04"]

1. d4 Nf6 2. c4 g6 3. Nc3 Bg7 4. e4 d6 5. Be2 O-O 6. Nf3 e5 7. O-O Nc6 8. d5
Ne7 9. b4 Nh5 10. Re1 f5 11. Ng5 Nf6 12. f3 c6 13. Be3 Bh6 14. h4 cxd5 15. cxd5
f4 16. Bf2 Bxg5 17. hxg5 Nh5 18. Rc1 a6 19. Na4 b5 20. Bb6 Qe8 21. Nc5 dxc5 22.
bxc5 Kh8 23. c6 Ng3 24. Bc7 Nxc6 25. Rxc6 Bd7 26. Rf6 Rxf6 27. gxf6 Nh5 28. Qa1
Qf7 29. Bxe5 Kg8 30. Bd1 Rf8 31. Bb3 Nxf6 32. Bxf6 Qxf6 33. Qxf6 Rxf6 34. e5
Rb6 35. d6+ Kf8 36. Rd1 Bc6 37. d7 1-0

[Event "Kandidatklassen"]
[Site "Hillerod"]
[Date "2010.04.01"]
[Round "3"]
[White "Andersen, Morten"]
[Black "Strange, Mikkel"]
[Result "0-1"]
[WhiteElo "2200"]
[BlackElo "2269"]
[PlyCount "54"]
[EventDate "2010.03.30"]
[EventType "swiss"]
[EventRounds "7"]
[EventCountry "DEN"]
[Source "ChessBase"]
[SourceDate "2010.05.04"]

1. e4 e6 2. d4 d5 3. Nc3 Bb4 4. e5 c5 5. dxc5 Nc6 6. Qg4 Nge7 7. Qxg7 Rg8 8.
Qxh7 d4 9. a3 Qa5 10. Rb1 dxc3 11. Be3 cxb2+ 12. axb4 Qa2 13. c3 Rg6 14. Bd3
Bd7 15. Nf3 Rxg2 16. Ng5 O-O-O 17. Nxf7 Nf5 18. Nxd8 Nxe5 19. Qh8 Nxd3+ 20. Kd2
Kc7 21. Kxd3 Qd5+ 22. Bd4 Bb5+ 23. Kc2 Rxf2+ 24. Bxf2 Ne3+ 25. Kxb2 Qd2+ 26.
Ka3 Nc4+ 27. Kb3 Ba4+ 0-1

[Event "Kandidatklassen"]
[Site "Hillerod"]
[Date "2010.03.30"]
[Round "1"]
[White "Andersen, Morten"]
[Black "Rostgaard, Tobias Valentin"]
[Result "1-0"]
[WhiteElo "2200"]
[BlackElo "2022"]
[PlyCount "55"]
[EventDate "2010.03.30"]
[EventType "swiss"]
[EventRounds "7"]
[EventCountry "DEN"]
[Source "ChessBase"]
[SourceDate "2010.05.04"]

1. d4 Nf6 2. c4 c5 3. d5 b5 4. cxb5 a6 5. b6 e6 6. Nc3 Nxd5 7. Nxd5 exd5 8.
Qxd5 Nc6 9. Bd2 Be7 10. Bc3 O-O 11. e3 Rb8 12. Nf3 Rxb6 13. a3 d6 14. Bd3 Be6
15. Qh5 h6 16. g4 d5 17. g5 Bxg5 18. Rg1 f5 19. Rxg5 hxg5 20. Nxg5 Qxg5 21.
Qxg5 d4 22. Bd2 Ne5 23. Be2 d3 24. Bc3 dxe2 25. Bxe5 Rb7 26. Kxe2 Bc4+ 27. Ke1
Bd3 28. f4 1-0

[Event "Kandidatklassen"]
[Site "Hillerod"]
[Date "2010.04.02"]
[Round "4"]
[White "Andersen, Morten"]
[Black "Boje, Tobias Rosholm"]
[Result "1/2-1/2"]
[WhiteElo "2200"]
[BlackElo "2015"]
[PlyCount "89"]
[EventDate "2010.03.30"]
[EventType "swiss"]
[EventRounds "7"]
[EventCountry "DEN"]
[Source "ChessBase"]
[SourceDate "2010.05.04"]

1. d4 d5 2. c4 e6 3. Nc3 Nf6 4. cxd5 exd5 5. Bg5 Nbd7 6. e3 Be7 7. Bd3 O-O 8.
Nge2 c6 9. Rc1 Re8 10. Bb1 Ne4 11. Bf4 Ndf6 12. f3 Nxc3 13. bxc3 Ba3 14. Rc2
Nh5 15. O-O Nxf4 16. exf4 Bf5 17. Rd2 Bxb1 18. Qxb1 Qe7 19. Qd3 Qe3+ 20. Qxe3
Rxe3 21. Kf2 Rae8 22. Rb1 b5 23. Rb3 Bd6 24. g3 a5 25. Rbb2 f6 26. Rbc2 b4 27.
c4 a4 28. c5 Bc7 29. Nc1 b3 30. axb3 axb3 31. Rb2 Ba5 32. Re2 Rxe2+ 33. Nxe2
Rb8 34. Ke3 Bb4 35. Kd3 Ba3 36. Rb1 Rb4 37. f5 b2 38. Kc3 Kf7 39. f4 g6 40.
fxg6+ Kxg6 41. g4 h5 42. h3 hxg4 43. hxg4 Kf7 44. Kc2 Kg6 45. Kc3 1/2-1/2

[Event "Kandidatklassen"]
[Site "Hillerod"]
[Date "2010.04.04"]
[Round "6"]
[White "Andersen, Morten"]
[Black "Poulsen, Klaus E"]
[Result "1-0"]
[WhiteElo "2200"]
[BlackElo "2095"]
[PlyCount "93"]
[EventDate "2010.03.30"]
[EventType "swiss"]
[EventRounds "7"]
[EventCountry "DEN"]
[Source "ChessBase"]
[SourceDate "2010.05.04"]

1. d4 Nf6 2. Nf3 c5 3. d5 g6 4. Nc3 Bg7 5. e4 d6 6. Nd2 O-O 7. Be2 e6 8. a4
exd5 9. exd5 Na6 10. Nc4 Nb4 11. Bg5 Bf5 12. Ne3 Qc8 13. O-O h5 14. Bf4 Rd8 15.
f3 Ne8 16. g4 Bd4 17. gxf5 Qxf5 18. Qxd4 cxd4 19. Nxf5 gxf5 20. Nb5 Nxc2 21.
Rac1 Ne3 22. Bxe3 dxe3 23. Rc4 a6 24. Nc3 Kg7 25. Rd1 Rac8 26. Rb4 Rc7 27. Rdd4
Nf6 28. Kf1 Kg6 29. Bd3 Re8 30. Rb6 Rd7 31. Ke2 Re5 32. a5 h4 33. Bc4 Nh5 34.
Rxh4 Kg5 35. Rd4 Nf4+ 36. Kf1 Nh3 37. Ne2 f4 38. Bd3 f5 39. Rbb4 Rh7 40. Kg2
Kf6 41. Rb6 Kg5 42. Rxd6 Re8 43. Re6 Rg8 44. d6 Kh4+ 45. Kf1 Ng5 46. Rxf4+ Kh3
47. Bxf5+ 1-0

[Event "Kandidatklassen"]
[Site "Hillerod"]
[Date "2010.04.03"]
[Round "5"]
[White "Andersen, Rune"]
[Black "Ochsner, Bjorn Moller"]
[Result "1-0"]
[WhiteElo "2170"]
[BlackElo "2178"]
[PlyCount "91"]
[EventDate "2010.03.30"]
[EventType "swiss"]
[EventRounds "7"]
[EventCountry "DEN"]
[Source "ChessBase"]
[SourceDate "2010.05.04"]

1. d4 Nf6 2. c4 g6 3. Nc3 Bg7 4. e4 d6 5. Nge2 a6 6. Ng3 c6 7. f3 O-O 8. Be3 b5
9. Qd2 e5 10. d5 b4 11. Na4 c5 12. b3 Bd7 13. Nb2 a5 14. Bd3 a4 15. O-O Qb6 16.
Bc2 axb3 17. axb3 Na6 18. Bh6 Nc7 19. Bxg7 Kxg7 20. Nf5+ Bxf5 21. exf5 Rxa1 22.
Rxa1 Ra8 23. Na4 Qb8 24. g4 Qd8 25. Kg2 Nd7 26. h4 Nb6 27. g5 Nxa4 28. bxa4 Rb8
29. h5 b3 30. f6+ Kg8 31. Be4 Rb4 32. hxg6 fxg6 33. Qd3 Qe8 34. a5 Na6 35. Rb1
b2 36. Qc2 Qa4 37. Qf2 Qxa5 38. Qh4 Rb7 39. Rd1 Qa2 40. Bb1 Qb3 41. Qg4 Rf7 42.
Qc8+ Rf8 43. Qe6+ Rf7 44. Bxg6 Qb7 45. Bxf7+ Qxf7 46. Qc8+ 1-0

[Event "Kandidatklassen"]
[Site "Hillerod"]
[Date "2010.04.02"]
[Round "4"]
[White "Andersen, Rune"]
[Black "Molvig, Henrik"]
[Result "0-1"]
[WhiteElo "2170"]
[BlackElo "2195"]
[PlyCount "94"]
[EventDate "2010.03.30"]
[EventType "swiss"]
[EventRounds "7"]
[EventCountry "DEN"]
[Source "ChessBase"]
[SourceDate "2010.05.04"]

1. d4 Nf6 2. c4 g6 3. Nc3 Bg7 4. e4 d6 5. Nge2 O-O 6. Ng3 a6 7. Be2 c5 8. d5 b5
9. cxb5 axb5 10. Nxb5 h5 11. Nc3 Qb6 12. Nf1 Ba6 13. Ne3 Nbd7 14. O-O Rfb8 15.
Kh1 Bxe2 16. Qxe2 Qa6 17. Qc2 Ng4 18. Bd2 Nxe3 19. Bxe3 Ne5 20. Rfd1 Ng4 21.
Bf4 Bd4 22. Bg3 Rb7 23. h3 Ne5 24. b3 Qa5 25. Rac1 Bxc3 26. Qxc3 Qxc3 27. Rxc3
Rxa2 28. f4 Nd7 29. e5 Re2 30. exd6 exd6 31. f5 Nf6 32. fxg6 fxg6 33. Rcd3 Ne4
34. Kh2 Nxg3 35. Rxg3 Kg7 36. h4 Rb4 37. Rh3 Rg4 38. Rg3 Rxh4+ 39. Kg1 Rf4 40.
Ra1 Kf6 41. Rd1 h4 42. Rgd3 Rg4 43. Rf1+ Ke5 44. Rf8 Rexg2+ 45. Kh1 Rg1+ 46.
Kh2 R4g2+ 47. Kh3 Rg3+ 0-1

[Event "Kandidatklassen"]
[Site "Hillerod"]
[Date "2010.04.05"]
[Round "7"]
[White "Andersen, Rune"]
[Black "Jorgensen, Dennis"]
[Result "0-1"]
[WhiteElo "2170"]
[BlackElo "2197"]
[PlyCount "72"]
[EventDate "2010.03.30"]
[EventType "swiss"]
[EventRounds "7"]
[EventCountry "DEN"]
[Source "ChessBase"]
[SourceDate "2010.05.04"]

1. d4 Nf6 2. c4 e6 3. Nc3 Bb4 4. Nf3 b6 5. Bd2 Bb7 6. e3 O-O 7. Bd3 Re8 8. Qc2
d5 9. cxd5 exd5 10. Ne2 Bd6 11. Ng3 Nbd7 12. Nf5 Bf8 13. O-O g6 14. Ng3 c5 15.
dxc5 bxc5 16. b3 Rc8 17. Be2 Qb6 18. Qb2 Ne4 19. Nxe4 dxe4 20. Ng5 h6 21. Nh3
Ne5 22. Bc3 Nd3 23. Bxd3 exd3 24. Qd2 Qc6 25. f3 c4 26. bxc4 Qxc4 27. Rac1 Rxe3
28. Qb2 Qa6 29. Bd2 Ree8 30. Nf2 Rxc1 31. Rxc1 Ba3 32. Qa1 Bxc1 33. Qxc1 Qxa2
34. Ng4 Re2 35. Nf6+ Kh8 36. Bf4 d2 0-1

[Event "Kandidatklassen"]
[Site "Hillerod"]
[Date "2010.03.30"]
[Round "1"]
[White "Andersen, Rune"]
[Black "Sylvan, Jacob"]
[Result "0-1"]
[WhiteElo "2170"]
[BlackElo "2240"]
[PlyCount "110"]
[EventDate "2010.03.30"]
[EventType "swiss"]
[EventRounds "7"]
[EventCountry "DEN"]
[Source "ChessBase"]
[SourceDate "2010.05.04"]

1. d4 Nf6 2. c4 g6 3. Nc3 Bg7 4. e4 d6 5. Nge2 O-O 6. Ng3 e5 7. d5 a5 8. Be2
Na6 9. h4 h5 10. Bg5 Qe8 11. Qd2 Nh7 12. Bh6 Bxh6 13. Qxh6 Qe7 14. Qd2 Qf6 15.
f3 Bd7 16. Nf1 Nc5 17. Ne3 Qf4 18. O-O-O f5 19. g3 Qh6 20. exf5 gxf5 21. Nf1
Kg7 22. Rg1 Qxd2+ 23. Nxd2 Nf6 24. Rg2 Kh6 25. Rdg1 Rf7 26. Nd1 Rg8 27. Nf2
Rfg7 28. Nh3 c6 29. dxc6 Bxc6 30. Ng5 Nh7 31. Rh2 Nxg5 32. hxg5+ Rxg5 33. Rgh1
Ne6 34. f4 exf4 35. Rxh5+ Rxh5 36. Rxh5+ Kg6 37. gxf4 Nxf4 38. Rh2 Nxe2+ 39.
Rxe2 Kf6 40. Nb3 a4 41. Nd4 Be4 42. Kd2 Rg3 43. Re3 Rg2+ 44. Re2 f4 45. Rxg2
Bxg2 46. Nb5 Ke5 47. Nc3 Bc6 48. Kd3 Kf5 49. Ke2 Kg4 50. Kf2 f3 51. Ke3 Kg3 52.
Nd1 Kg2 53. Nf2 Bd7 54. Nd3 Kg3 55. Nf2 Bf5 0-1

[Event "Kandidatklassen"]
[Site "Hillerod"]
[Date "2010.04.01"]
[Round "3"]
[White "Boje, Tobias Rosholm"]
[Black "Furrer, Christian"]
[Result "1-0"]
[WhiteElo "2015"]
[BlackElo "2010"]
[PlyCount "87"]
[EventDate "2010.03.30"]
[EventType "swiss"]
[EventRounds "7"]
[EventCountry "DEN"]
[Source "ChessBase"]
[SourceDate "2010.05.04"]

1. Nf3 Nf6 2. g3 g6 3. Bg2 Bg7 4. O-O O-O 5. d3 d5 6. Nbd2 c5 7. e4 Nc6 8. c3
dxe4 9. dxe4 Qc7 10. Qc2 Rd8 11. Nc4 e5 12. Bg5 Be6 13. Ne3 h6 14. Bxf6 Bxf6
15. Rfd1 Ne7 16. Bf1 a6 17. Bc4 Bxc4 18. Nxc4 b5 19. Ne3 Qc6 20. c4 Bg7 21. Nd5
Nxd5 22. cxd5 Qb6 23. b3 Rd6 24. Rac1 Rc8 25. Qd3 Kh7 26. Nh4 h5 27. Rc2 Rf6
28. Rf1 Bf8 29. Kg2 Qd6 30. Nf3 Qc7 31. Qc3 Bd6 32. a4 c4 33. bxc4 bxa4 34.
Rfc1 Qe7 35. Qa5 Bc5 36. Qxa4 Rb6 37. Qa1 f6 38. Rb1 Rcb8 39. Rxb6 Rxb6 40. Rb2
Qa7 41. Ra2 g5 42. Qd1 Kg6 43. Qa4 Rb4 44. Qxa6 1-0

[Event "Kandidatklassen"]
[Site "Hillerod"]
[Date "2010.04.04"]
[Round "6"]
[White "Boje, Tobias Rosholm"]
[Black "Pedersen, Christopher RNH"]
[Result "1/2-1/2"]
[WhiteElo "2015"]
[BlackElo "2098"]
[PlyCount "38"]
[EventDate "2010.03.30"]
[EventType "swiss"]
[EventRounds "7"]
[EventCountry "DEN"]
[Source "ChessBase"]
[SourceDate "2010.05.04"]

1. e4 c5 2. Nc3 d6 3. g3 g6 4. Bg2 Bg7 5. d3 Nc6 6. Be3 f5 7. Nge2 Nf6 8. O-O
O-O 9. h3 e5 10. f4 Qe7 11. Qd2 exf4 12. Nxf4 fxe4 13. dxe4 Be6 14. Ncd5 Bxd5
15. exd5 Ne5 16. Ne6 Nc4 17. Qe2 Nxe3 18. Qxe3 Nd7 19. c3 Rxf1+ 1/2-1/2

[Event "Kandidatklassen"]
[Site "Hillerod"]
[Date "2010.03.31"]
[Round "2"]
[White "Boje, Tobias Rosholm"]
[Black "Andersen, Rune"]
[Result "0-1"]
[WhiteElo "2015"]
[BlackElo "2170"]
[PlyCount "140"]
[EventDate "2010.03.30"]
[EventType "swiss"]
[EventRounds "7"]
[EventCountry "DEN"]
[Source "ChessBase"]
[SourceDate "2010.05.04"]

1. e4 c5 2. Nc3 Nc6 3. g3 g6 4. Bg2 Bg7 5. d3 d6 6. Be3 e6 7. Qd2 Nd4 8. Nd1
Nf6 9. c3 Nc6 10. Bh6 Bxh6 11. Qxh6 Ne5 12. Qd2 Bd7 13. f4 Nc6 14. Ne3 Qc7 15.
Nf3 O-O 16. O-O Kg7 17. g4 c4 18. g5 Nh5 19. Nxc4 d5 20. Nce5 f6 21. Nxc6 bxc6
22. gxf6+ Rxf6 23. Ne5 Raf8 24. Nxd7 Qxd7 25. f5 dxe4 26. fxe6 Qxd3 27. Qxd3
exd3 28. Rxf6 Rxf6 29. Rd1 Nf4 30. e7 Kf7 31. Bf1 Rd6 32. Kf2 c5 33. c4 g5 34.
Ke3 Ra6 35. Bxd3 Rxa2 36. Rd2 h6 37. Bf5 Kxe7 38. Ke4 Ne6 39. Bxe6 Kxe6 40. h3
Ra4 41. b3 Rb4 42. Ra2 Rxb3 43. Ra6+ Rb6 44. Rxa7 Rd6 45. Ke3 Kf5 46. Rc7 Re6+
47. Kf3 Re5 48. Rf7+ Ke6 49. Rg7 Rf5+ 50. Ke3 Rf4 51. Rg6+ Ke5 52. Rxh6 Rxc4
53. Rg6 Rc3+ 54. Kd2 Rg3 55. Rh6 Kd4 56. Rg6 Rg2+ 57. Kd1 Kd3 58. Rd6+ Kc3 59.
Rg6 c4 60. Rb6 Rd2+ 61. Ke1 Rd5 62. Rh6 Kc2 63. h4 Re5+ 64. Kf2 gxh4 65. Rxh4
c3 66. Rh8 Re4 67. Kf3 Kd3 68. Rc8 Rd4 69. Kf2 Kd2 70. Ra8 c2 0-1